000 00709nam a2200193Ia 4500
020 _a9251054800
040 _cUAB
082 0 4 _a631 FOO 2006 A052 Co.
245 0 4 _aThe role of biotechnology in exploring and protecting agricultural genetic resources /
260 _aRome :
_bFood and Agriculture Organization of the United nations,
_c2006
300 _axiii, 187 p. :
_bill. ;
_c25 cm
500 _aBased on a series of e-mail conferences hosted by the FAO Biotechnology Forum in 2005
650 0 _aAgricultural biotechnology
650 0 _aGermplasm resources
700 1 _aRuane, John,
700 1 _aSonnino, Andrea
710 2 _aFood and Agriculture Organization of the United Nations
942 _cEK
999 _c14577
_d14577